00559nam a2200181Ia 4500003000900000008004100009020002200050040001600072080001900088100002100107245009400128260004800222300001700270490005100287650002100338650001000359650000800369IN-BaIIA211028s9999 xx 000 0 eng d a978-0-521-59264-2 cIIA Library a53:52-852bGOM aGombosi, Tamas I 0aPhysics of space environmentcTamas I. Gombosi  aCambridgebCambridge University Pressc1998 axviii, 339p. aCambridge atmospheric and space science series aEarth atmosphere aSpace aSun